Central Library OPAC University of Rajshahi

জোসেফ স্টালিন / (Record no. 61435)

MARC details
000 -LEADER
fixed length control field 01176nam a2200265 a 4500
001 - CONTROL NUMBER
control field 61435
003 - CONTROL NUMBER IDENTIFIER
rucl marc code BD-RjUL
005 - DATE AND TIME OF LATEST TRANSACTION
control field 20211209080950.0
008 - FIXED-LENGTH DATA ELEMENTS--GENERAL INFORMATION
fixed length control field 170117s1947 ii ||||| |||| 00| 0 ben d
020 ## - INTERNATIONAL STANDARD BOOK NUMBER
Terms of availability : IRs 2.50
035 ## - SYSTEM CONTROL NUMBER
System control number (BD-RjUL)61559
040 ## - CATALOGING SOURCE
Original cataloging agency BD-RjUL
Language of cataloging ben
Transcribing agency BD-RjUL
041 ## - LANGUAGE CODE
Language code of text/sound track or separate title ben
082 ## - DEWEY DECIMAL CLASSIFICATION NUMBER
Edition number 23
Classification number 923.2094708
Author mark and year YEJ 1947
100 ## - MAIN ENTRY--PERSONAL NAME
Personal name ইয়ারোস্নাভস্কি, ই.
9 (RLIN) 183128
245 10 - TITLE STATEMENT
Title জোসেফ স্টালিন /
Statement of responsibility, etc. ই. ইয়ারোস্নাভস্কি
250 ## - EDITION STATEMENT
Edition statement ১ম সং.
260 ## - PUBLICATION, DISTRIBUTION, ETC. (IMPRINT)
Place of publication, distribution, etc. কলিকাতা :
Name of publisher, distributor, etc. ন্যাশনাল বুক এজেন্সী,
Date of publication, distribution, etc. ১৯৪৭
300 ## - PHYSICAL DESCRIPTION
Pagination ২৩২ পৃ. :
Illustrations চিত্র ;
Size ১৭ সেমি.
600 ## - SUBJECT ADDED ENTRY--PERSONAL NAME
Personal name স্টালিন, জোসেফ
Dates associated with a name ১৮৭৮-১৯৫৩
General subdivision জীবনী
Geographic subdivision সোভিয়েত ইউনিয়ন
Personal name Stalin, Joseph
Dates associated with a name 1878-1953
General subdivision Bioghraphy
Geographic subdivision Soviet Union
700 ## - ADDED ENTRY--PERSONAL NAME
Personal name গুপ্ত, করুণাকর, অনুবাদ
Personal name গুপ্ত, অণুকা, অনুবাদ
942 ## - ADDED ENTRY ELEMENTS (KOHA)
Source of classification or shelving scheme Dewey Decimal Classification
Koha item type Books
Holdings
Lost status Source of classification or shelving scheme Damaged status Not for loan Collection code Permanent Location Current Location Shelving location Date acquired Source of acquisition Cost, normal purchase price Total Checkouts Full call number Date last seen Copy number Koha item type
  Dewey Decimal Classification   Not For Loan Non-fiction Central Library, University of Rajshahi Central Library, University of Rajshahi Reading Room 12/06/1990 Professor Shawkat Osman 0.00   B 923.2094708 YEJ 1947 17/01/2017 C-1 Books